000 00787nam a22002057a 4500
003 AM-YeHGA
005 20250617154717.0
008 181203s ||||| |||| 00| 0 rus d
040 _aAM-YeHGA
041 0 _arus
100 1 _aНовацкий, Антон
245 1 0 _aПрактическое почвоведение :
_bИзложил по нем. оригиналу, применительно к рус. условиям Ф. Косоротов /
_cНовацкий.
250 _a2-е изд.
260 _aСанкт-Петербург :
_bПушк. скоропечатня,
_c1902.
300 _a[2], 104 с. :
_bил.
440 0 _aБиблиотека земледельца
_v7
653 0 _aПочвоведение
942 _2udc
_cBK
090 _c420417
999 _c418038
_d418038